000 03697cam a22004097i 4500
001 23232697
003 CSPC
005 20250812144320.0
008 230718s2023 maua b 001 0 eng
010 _a 2023277908
020 _a9780128195130
_q(paperback)
040 _aDLC
_beng
_erda
_cDLC
_dDLC
_dCSPC
050 0 0 _aMLCM 2025/44113 (T)
082 0 4 _a670.504
_bIn66
245 0 0 _aInnovation and sustainable manufacturing :
_bresearch and development /
_cedited by Carolina Machado and J. Paulo Davim.
264 1 _aCambridge, Massachusetts :
_bWoodhead Publishing, an imprint of Elsevier,
_c2023.
300 _axv, 260 pages :
_billustrations ;
_c23 cm.
336 _atext
_btxt
_2rdacontent
336 _atext
_btxt
_2rdacontent
337 _aunmediated
_bn
_2rdamedia
337 _aunmediated
_bn
_2rdamedia
338 _avolume
_bnc
_2rdacarrier
338 _avolume
_bnc
_2rdacarrier
490 0 _aWoodhead Publishing reviews: mechanical engineering series
500 _aMinimal Level Cataloging Plus.
_5DLC
504 _aIncludes bibliographical references and index.
505 0 _aSustainable and fractal manufacturing systems: complexity minimization when sustainability and Industry 4.0 interact / M. Estela Peralta -- Reliability of manufacturing technologies / Marius Gabriel Petrescu, Costin Ilincă, Maria Tănase -- Energy innovations and sustainable development of circumpolar territories in Russia / Vasilii Erokhin, Gao Tianming -- Analysis of factors Influencing smart and sustainable manufacturing systems using a multi-criteria decision making tool / Anilkumar Malaga, S. Vinodh -- Catching up with sustainable development in emerging markets through financial innovation / Mirela Panait, Eglantina Hysa, Lukman Raimi -- Corporate social responsibility, business ethics, sustainability, and innovation: a theoretical analysis of the importance of these concepts in times of pandemic / Carla Marisa Rebelo de Magalhães -- Sustainability: leadership and reporting as its pillars / Diana Fernandes, Carolina Feliciana Machado -- Comprasion of SLM, SLS and DLMS techniques in additive manufactured AlSi10Mg alloys / Şenol Bayraktar, Cem Alparslan.
520 _aInnovation and Sustainable Manufacturing: Research and Development addresses the manufacturing sustainability challenge from different points of view, drawing on research from different disciplines to shed light on the latest green technologies, green product design methods, and materials. Addressing the needs of practitioners as well as academics, this book examines a range of important themes such as environmental impacts and how to assess them, how to set boundary conditions to include or exclude downstream supply chains, how to improve sustainability without sacrificing productivity, the cost benefits of sustainability, and how to trace impacts in manufacturing. By providing a thorough review of global research in this field, Innovation and Sustainable Manufacturing acts as an ideal entry point into this discipline for researchers, and a guide to the latest developments for forward-thinking practitioners.
650 0 _aManufacturing processes
_xEnvironmental aspects.
650 0 _aSustainable engineering.
700 1 _aMachado, Carolina,
_d1965-
_eeditor.
_1https://id.oclc.org/worldcat/entity/E39PCjxb6Pdx8TGGVmjX8fyQmb
700 1 _aDavim, J. Paulo,
_eeditor.
_1https://id.oclc.org/worldcat/entity/E39PBJgRW8hfBbTftdMR7kBXVC
906 _a7
_bcbc
_corignew
_d4
_encip
_f20
_gy-gencatlg
942 _2ddc
_cBK
_h670.504
_iIn66
_kENG
_m2023
_n0
999 _c29948
_d29948